000 01081nam0a22002531 4500
001 rc\773157
005 20040301143034.7
035 _a(NLR Aleph) 006299633
090 _a7237489
_c7237489
100 _a20040301d1983 u |0rusy50 ca
101 0 _arus
102 _aRU
105 _ay |||||||||
200 1 _aАктивные формы и методы обучения
_eМетод. указания по использ. актив. форм и методов обучения в учеб. процессе
_fМ-во высш. и сред. спец. образования РСФСР, Пенз. инж.-строит. ин-т
_g[Сост. к. э. н., доц. С.Д. Резник]
210 _aПенза
_cПенз. ИСИ
_d1983
215 _a16 с.
_d20
320 _aБиблиогр.: с. 14-16
702 1 _aРезник
_bС. Д.
_gСемен Давыдович
_4220
712 0 2 _aПензенский инж.-строит. ин-т
_3RU\NLR\AUTH\889953973
801 0 _aRU
_bNLR
_gpsbo
801 1 _aRU
_bELAR
_2rusmarc
852 _aNLR
_j85-4/16724
942 _cBOOK
980 _aNB